Jogadores aleatórios da Premier League por imagem - Statistics

Estatísticas Gerais
  • Esse quiz foi jogado 29 vezes
  • A pontuação média é 6 de 12
Estatísticas das Respostas
Imagem Resposta % Correto
Aaron Ramsdale
100%
Alejandro Garnacho
100%
Alexander Isak
100%
Alexis Mac Allister
100%
Alisson Becker
100%
Anthony Elanga
100%
Ben Davies
100%
Bernardo Silva
100%
Bruno Fernandes
100%
Bruno Guimarães
100%
Bryan Mbeumo
100%
Bukayo Saka
100%
Chris Wood
100%
Danny Welbeck
100%
Dean Henderson
100%
Declan Rice
100%
Dominik Szoboszlai
100%
Douglas Luiz
100%
Emiliano Buendía
100%
Emiliano Martínez
100%
Enzo Fernández
100%
Erling Haaland
100%
Estêvão
100%
Florian Wirtz
100%
Gabriel Jesus
100%
Gabriel Magalhães
100%
Harry Maguire
100%
Harvey Barnes
100%
Hugo Ekitiké
100%
Ian Maatsen
100%
Ibrahima Konaté
100%
Igor Jesus
100%
Igor Thiago
100%
Jack Grealish
100%
Jadon Sancho
100%
James Milner
100%
João Gomes
100%
João Pedro
100%
Joelinton
100%
Jordan Henderson
100%
Joško Gvardiol
100%
Jurren Timber
100%
Kai Havertz
100%
Kaoru Mitoma
100%
Kieran Trippier
100%
Lucas Bergvall
100%
Manuel Ugarte
100%
Marc Cucurella
100%
Marc Guéhi
100%
Mason Mount
100%
Matheus Cunha
100%
Matthijs de Ligt
100%
Mikel Merino
100%
Murillo
100%
Nathan Aké
100%
Pedro Neto
100%
Raheem Sterling
100%
Randal Kolo Muani
100%
Rayan CHerki
100%
Richarlison
100%
Robert Sánchez
100%
Rodri
100%
Sandro Tonali
100%
Savinho
100%
Tino Livramento
100%
Virgil Van Dijk
100%
William Saliba
100%
Xavi Simons
100%
Gianluigi Donnarumma
75%
John Stones
75%
Alphonse Areola
67%
Evanilson
67%
Guglielmo Vicario
67%
Justin Kluivert
67%
Kyle Walker
67%
Mathys Tel
67%
Noni Madueke
67%
Oleksandr Zinchenko
67%
Phil Foden
67%
Viktor Gyökeres
67%
David Raya
50%
Donyell Malen
50%
John McGinn
50%
Leandro Trossard
50%
Micky van de Ven
50%
Milos Kerkez
50%
Mohamed Salah
50%
Morgan Gibbs-White
50%
Noussair Mazraoui
50%
Riccardo Calafiori
50%
Rúben Dias
50%
Wesley Fofana
50%
Callum Wilson
40%
Giorgi Mamardashvili
33%
Joachim Andersen
33%
Lewis Dunk
33%
Aaron Wan-Bissaka
0%
Adama Traoré
0%
Adam Smith
0%
Adam Webster
0%
Adam Wharton
0%
Alex Scott
0%
Amad Diallo
0%
Amadou Onana
0%
Andrew Robertson
0%
Anthony Gordon
0%
Antoine Semenyo
0%
Armando Broja
0%
Axel Tuanzebe
0%
Bart Verbruggen
0%
Benjamin Sesko
0%
Bernd Leno
0%
Brenden Aaronson
0%
Brian Brobbey
0%
Callum Hudson-Odoi
0%
Caoimhín Kelleher
0%
Casemiro
0%
Cheick Doucouré
0%
Cody Gakpo
0%
Cole Palmer
0%
Cristian Romero
0%
Daichi Kamada
0%
Dan Ballard
0%
Daniel James
0%
Daniel Muñoz
0%
Dejan Kulusevski
0%
Destiny Udogie
0%
Diogo Dalot
0%
Dominic Calvert-Lewin
0%
Dwight McNeil
0%
Eberechi Eze
0%
Emile Smith Rowe
0%
Ethan Ampadu
0%
Ezri Konsa
0%
Fabian Schär
0%
Federico Chiesa
0%
Ferdi Kadıoğlu
0%
Gabriel Martinelli
0%
Georginio Rutter
0%
Granit Xhaka
0%
Habib Diarra
0%
Hannibal Mejbri
0%
Harry Wilson
0%
Harvey Elliot
0%
Hee-chan Hwang
0%
Hugo Bueno
0%
Illan Meslier
0%
Ismaïla Sarr
0%
Jacob Ramsey
0%
Jaidon Anthony
0%
James Maddison
0%
James Tarkowski
0%
Jarrad Branthwaite
0%
Jarrod Bowen
0%
Jean-Clair Todibo
0%
Jean-Philippe Mateta
0%
Jeremie Frimpong
0%
Jérémy Doku
0%
João Palhinha
0%
Joe Gomez
0%
Joe Willock
0%
John Victor
0%
Jordan Pickford
0%
Jørgen Strand Larsen
0%
José Sá
0%
Joshua Zirkzee
0%
Kevin Schade
0%
Kiernan Dewsbury-Hall
0%
Kobbie Mainoo
0%
Kristoffer Ajer
0%
Leny Yoro
0%
Levi Colwill
0%
Liam Delap
0%
Lisandro Martínez
0%
Lucas Digne
0%
Lucas Paquetá
0%
Lukasz Fabianski
0%
Luke Shaw
0%
Lyle Foster
0%
Malo Gusto
0%
Marcos Senesi
0%
Marcus Tavernier
0%
Martin Dúbravka
0%
Martin Ødegaard
0%
Mateo Kovačić
0%
Matt Doherty
0%
Matty Cash
0%
Maxence Lacroix
0%
Maxime Estève
0%
Michael Kayode
0%
Michael Keane
0%
Mikkel Damsgaard
0%
Mohammed Kudus
0%
Moisés Caicedo
0%
Morato
0%
Morgan Rogers
0%
Nathan Collins
0%
Neco Williams
0%
Nick Pope
0%
Nick Woltemade
0%
Noah Okafor
0%
Nordi Mukiele
0%
Ollie Watkins
0%
Omar Alderete
0%
Patrick Dorgu
0%
Pedro Porro
0%
Raúl Jiménez
0%
Reece James
0%
Reiss Nelson
0%
Robin Roefs
0%
Rodrigo Bentancur
0%
Rodrigo Gomes
0%
Ryan Gravenberch
0%
Ryan Yates
0%
Séamus Coleman
0%
Sean Longstaff
0%
Senne Lammens
0%
Simon Adingra
0%
Sven Botman
0%
Thierno Barry
0%
Timothy Castagne
0%
Tomáš Souček
0%
Tom Cairney
0%
Toti
0%
Tyler Adams
0%
Tyrell Malacia
0%
Tyrick Mitchell
0%
Wilfried Gnonto
0%
Willy Boly
0%
Yankuba Minteh
0%
Yasin Ayari
0%
Youri Tielemans
0%
Nenhum quiz correspondente encontrado
Distribuição das Pontuações
Porcentagem de Pessoas com Cada Pontuação
Percentil de Números Respondidos
Sua Pontuação Histórica
Você não jogou esse quiz